00750nam a2200205 450000500170000001000770001702000260009403500170012003500140013703700100015103700140016108200110017510000300018624501250021626000580034127000590039930000270045870000300048570000290051520250904151949.0 aB-769028-038 ENG-146739 BACEN25 a9788197424922c650.00 aB-769028-038 aEN-130271 bAakar bDBADaDPL a658.57 aSubramanian, Chandramouli aDesign Thinking:bA Hands-on Approach/cBy Chandramouli Subramanian, Thiyagarajan Paramasivan and Sankaran Venkataramani aHyderabadbUniversities Press (India) Pvt. Ltd.c2025 a3-6-747/A & 3-6-754/1, HimayatnagarbHyderabade500029 axiii, 416p.c24cm(pbk) aThiyagarajan Paramasivan  aVenkataramani, Sankaran